000 00692nam a2200289Ia 4500
005 20260324144534.0
008 008 260324s9999 xx 000 0 eng d
020 _a9781315799742
037 _aEBOOK
040 _aCRL
040 _beng
040 _cCRL
041 _2eng
041 _aeng
084 _qCRL
100 _aDominic W. Massaro
_91219694
245 0 _aSpeech Perception By Ear and Eye
245 2 _bA Paradigm for Psychological Inquiry
260 _bTaylor and Francis
260 _c1987
365 _a
365 _b250
856 _uhttp://www.taylorfrancis.com/books/9781315799742
942 _cEBOOK
999 _c1826431
_d1826431